Industrial and organizational psychology:linking theory with practice (Record no. 43282)

MARC details
000 -LEADER
fixed length control field 00647 a2200181 4500
008 - FIXED-LENGTH DATA ELEMENTS--GENERAL INFORMATION
fixed length control field 140522b xxu||||| |||| 00| 0 eng d
020 ## - INTERNATIONAL STANDARD BOOK NUMBER
International Standard Book Number 9780631209928
050 ## - LIBRARY OF CONGRESS CALL NUMBER
Classification number HF5548.8
Item number .I52 1991
245 ## - TITLE STATEMENT
Title Industrial and organizational psychology:linking theory with practice
Statement of responsibility, etc edited by Cary L. Cooper.
260 ## - PUBLICATION, DISTRIBUTION, ETC. (IMPRINT)
Date of publication, distribution, etc 2000
Name of publisher, distributor, etc Blackwell,
Place of publication, distribution, etc Oxford :
300 ## - PHYSICAL DESCRIPTION
Extent 2 v. :
Other physical details ill. ;
Dimensions 26 cm.
500 ## - GENERAL NOTE
General note Includes bibliographical references and indexes.<br/>
650 ## - SUBJECT ADDED ENTRY--TOPICAL TERM
Topical term or geographic name as entry element Psychology, Industrial.
650 ## - SUBJECT ADDED ENTRY--TOPICAL TERM
Topical term or geographic name as entry element Organizational behavior
General subdivision Psychological aspects.
700 ## - ADDED ENTRY--PERSONAL NAME
Personal name Cooper, Cary L.
Relator term ed.
700 ## - ADDED ENTRY--PERSONAL NAME
Personal name Locke, Edwin A.
Relator term ed.
942 ## - ADDED ENTRY ELEMENTS (KOHA)
Item type Book
Source of classification or shelving scheme Library of Congress Classification
Holdings
Withdrawn status Lost status Source of classification or shelving scheme Damaged status Not for loan Collection code Home library Current library Shelving location Date acquired Source of acquisition Cost, normal purchase price Total Checkouts Full call number Barcode Date last borrowed Copy number Price effective from Koha item type Date last seen Total Renewals
    Library of Congress Classification     Non-fiction Bishop Okullu Memorial Library (Limuru Campus) Bishop Okullu Memorial Library (Limuru Campus) General Circulation 22/05/2014 Purchase 3645.00 2 HF5548.8 .I52 2000 039390 27/03/2023 1 22/05/2014 Book    
    Library of Congress Classification     Non-fiction Bishop Okullu Memorial Library (Limuru Campus) Bishop Okullu Memorial Library (Limuru Campus) General Circulation 22/05/2014 Purchase 3645.00 2 HF5548.8 .I52 2000 039391 13/03/2024 2 22/05/2014 Book 22/03/2024  
    Library of Congress Classification     Non-fiction Bishop Okullu Memorial Library (Limuru Campus) Bishop Okullu Memorial Library (Limuru Campus) General Circulation 22/05/2014 Purchase 3645.00 7 HF5548.8 .I52 1991 039392 15/03/2017 3 22/05/2014 Book    
    Library of Congress Classification     Non-fiction Bishop Okullu Memorial Library (Limuru Campus) Bishop Okullu Memorial Library (Limuru Campus) General Circulation 22/05/2014 Purchase 3645.00 8 HF5548.8 .I52 2000 039393 02/03/2019 4 22/05/2014 Book   1
    Library of Congress Classification     Non-fiction Nairobi Campus Nairobi Campus General Circulation 22/05/2014 Purchase 3645.00 4 HF5548.8 .I52 2000 039394 20/02/2025 5 22/05/2014 Book 24/02/2025  
    Library of Congress Classification     Non-fiction Nairobi Campus Nairobi Campus General Circulation 22/05/2014 Purchase 3645.00 5 HF5548.8 .I52 2000 039395 14/10/2025 6 22/05/2014 Book 29/10/2025  
    Library of Congress Classification     Non-fiction Nakuru Campus Nakuru Campus General Circulation 22/05/2014 Purchase 3645.00 11 HF5548.8 .I52 2000 039396 12/04/2022 7 22/05/2014 Book    
    Library of Congress Classification     Non-fiction Nakuru Campus Nakuru Campus General Circulation 22/05/2014 Purchase 3645.00 10 HF5548.8 .I52 2000 039397 01/10/2020 8 22/05/2014 Book